| 000 | 00879nam a2200289Ia 4500 | ||
|---|---|---|---|
| 001 | Z_425 | ||
| 003 | CHAP | ||
| 008 | 220113s1973 xx 000 0 und d | ||
| 010 | _a163401 | ||
| 040 | _cCHAP | ||
| 090 | _aTesis G 558 | ||
| 100 |
_aGeymonat Félix, Oscar Roberto _947815 |
||
| 245 |
_aEstudios de algunos aspectos de las explotaciones lecheras en la Comarca Lagunera / _cpor Oscar Roberto Gaymonat Félix |
||
| 260 |
_aChapingo, Méx. : _bEl autor, _c1973 |
||
| 300 | _a168 h. | ||
| 440 | _a | ||
| 502 | _aTesis (Ing. Agrónomo Esp. en Zootecnia) -- ENA. Departamento de Zootecnia | ||
| 503 | _a | ||
| 650 |
_aComarca lagunera _xGanadería I. ENA. Departamento de Zootecnia II. t. _9137623 |
||
| 650 |
_aGanado lechero _xComarca lagunera _945247 |
||
| 901 | _aTesis G 558 | ||
| 902 | _aA | ||
| 910 | _a1973 | ||
| 942 | _c2 | ||
| 942 | _c2 | ||
| 999 |
_c163401 _d163401 |
||